FC Vizela Squad 2023-2024 - Statistics

General Stats
  • This quiz has been taken 7 times
  • The average score is 17 of 34
Answer Stats
# Position Nation Player % Correct
20 MF Portugal Samu
100%
22 MF Serbia Aleksandar Busnić
67%
8 MF United States Alex Méndez
67%
90 MF Portugal Diogo Nascimento
67%
2 DF Portugal Hugo Oliveira
67%
7 FW Guinea-Bissau Jardel
67%
17 FW Venezuela Matías Lacava
67%
82 DF Portugal Tomás Silva
67%
29 FW Spain Alberto Soro
50%
11 FW France Amadou Ba-Sy
50%
5 DF Brazil Anderson
50%
28 MF Portugal Bruno Costa
50%
3 DF Portugal Bruno Wilson
50%
10 MF Portugal Domingos Quina
50%
14 FW Congo Dylan Saint-Louis
50%
97 GK Croatia Fabijan Buntić
50%
1 GK Switzerland Francesco Ruberto
50%
4 DF Portugal Jota Gonçalves
50%
6 DF Brazil Matheus Pereira
50%
19 DF Ukraine Orest Lebedenko
50%
23 MF Iraq Osama Rashid
50%
34 MF Spain Pedro Ortiz
50%
- Coach Spain Rubén de la Barrera
50%
99 FW France Samuel Essende
50%
9 FW Serbia Sava Petrov
50%
16 MF Algeria Houssem Mrezigue
33%
9 FW Spain Iker Unzueta
33%
75 FW Belgium Jason Lokilo
33%
73 GK Serbia Nikola Bursać
33%
79 FW Portugal Nuno Moreira
33%
- Coach Spain Pablo Villar
33%
12 MF Colombia Rafael Bustamante
33%
25 DF Portugal Rodrigo Escoval
33%
32 DF Argentina Joaquín Novillo
17%
No matching quizzes found
Score Distribution
Percent of People with Each Score
Percentile by Number Answered
Your Score History
You have not taken this quiz